000 01071nam a2200253 a 4500
001 BRCA_4264
005 20190320204615.0
008 150610s1905----enka######---#000-0#eng-#
041 _aeng
044 _aenk
050 4 _aPQ6337
_b.C35 1905
100 1 _aCalvert, Albert F.
_910996
245 1 0 _aThe Life of Cervantes
_bwith numerous portraits and reproductions from early editions of Don Quijote
_cBy Albert F. Calvert.
260 _aLondres : Nueva York
_bJohn Lane ; The bodley head
_c1905
300 _a138 p.
_bil.
_c20 cm.
500 _aEdición con cantos dorados
500 _aEdición tricentenaria
500 _aIncluye índice de ilustraciones, repertorio cronológico de los trabajos relativos a la vida de Cervantes, una lista de bibliografías de Cervantes de manera cronológica y una sinopsis de las ediciones en las que el Quijote se ha publicado
500 _aLa biblioteca tiene 2 ejemplares con el mismo número de inventario
500 _aAM77
600 1 4 _aCervantes Saavedra, Miguel de
_d1547-1616
_9213
902 _aGFM
942 _2lcc
_cB
999 _c3975
_d3975